| 000 | 00790nam a22002537a 4500 | ||
|---|---|---|---|
| 999 |
_c34421 _d34421 |
||
| 001 | 3790 | ||
| 003 | CO-MdFUSB | ||
| 005 | 20190202100541.0 | ||
| 008 | 180321t1983 enk||||| |||| 00| 0 eng d | ||
| 020 | _a0-900898-87-9 | ||
| 040 |
_aCO-MdFUSB _bspa _cCO-MdFUSB _dCO-MdFUSBC _erda |
||
| 041 | 0 | _aeng | |
| 082 | 0 | 4 | _aG 227.5 J457s |
| 100 | 1 |
_aJeffery, Peter _eautor |
|
| 245 | 1 | 0 |
_aStand Firm _b : A young christian's guide to the armour of God _c/ Peter Jeffery |
| 264 | 4 |
_a[S.L] : _b Evangelical of Wales _c©1983 |
|
| 300 | _a72 Pag | ||
| 336 |
_2rdacontent _atexto _btxt |
||
| 337 |
_2rdamedia _asin mediación _bn |
||
| 338 |
_2rdacarrier _avolumen _bnc |
||
| 650 | 7 |
_aDios _xEnseñanza bíblica _2 _9323 |
|
| 653 | _aBiblia N.T. - Efesios 6 - Enseñanza - Armadura de Dios | ||
| 942 | _cBK | ||